000 00661nam a22001817a 4500
003 UA-OsUOA
001 15498
007 ta
008 20031112b un ||||| |||| 00| 0 ukr d
100 _aГайдай О.
942 _cSA
040 _aUA-OsUOA
_cUA-OsUOA
_dUA-OsUOA
245 _aОбитель відроджується: [Відновлено Свято-Георгіївський чоловічий монастир на "Козацьких могилах" , Радивилів. р-н]
300 _aС.1
955 _a0
773 0 _w0
_tДуховна нива
_dРівне
_d2003
_g№1/Лют./
650 7 _aКраєзнавча робота
_2UDC
999 _c301663
_d301663